000 00564nam a2200229Ia 4500
003 OSt
005 20221005121014.0
006 a|||||r|||| 00| 0
007 ta
008 221004b |||||||| |||| 00| 0 tam d
024 _a52274
037 _cTextual
040 _aCRL
_cCRL
_btam
041 _2tam
_atam
082 _aV2:51xM69w, 31J5
100 _aJambhunathan
_9629943
245 0 _aGandhi hatnaigal
260 _c1955
650 _aHISTORY
942 _hV2:51xM69w, 31J5
_cTEXL
_2cc
999 _c1039821
_d1039821